Política, derecho y ritual en la sociedad tribal / (Record no. 72710)

MARC details
000 -LEADER
campo de control de longitud fija 00568nam a2200181 i 4500
001 - NÚMERO DE CONTROL
campo de control 72710
003 - IDENTIFICADOR DE NÚMERO DE CONTROL
campo de control ES-MaACL
005 - FECHA Y HORA DE LA ÚLTIMA TRANSACCIÓN
campo de control 20230906171529.0
007 - CAMPO FIJO DE DESCRIPCIÓN FÍSICA--INFORMACIÓN GENERAL
campo de control de longitud fija t|
008 - DATOS DE LONGITUD FIJA--INFORMACIÓN GENERAL
campo de control de longitud fija 040902s1978 sp ||||1| spa d
100 1# - ENTRADA PRINCIPAL--NOMBRE DE PERSONA
Nombre de persona Gluckman, Max.
9 (RLIN) 57458
245 10 - MENCIÓN DEL TÍTULO
Título Política, derecho y ritual en la sociedad tribal /
Mención de responsabilidad, etc. Max Gluckman ; [traducción, José Luis Vélez y Teodoro Nieto].
260 ## - PUBLICACIÓN, DISTRIBUCIÓN, ETC.
Lugar de publicación, distribución, etc. [Madrid] :
Nombre del editor, distribuidor, etc. Akal,
Fecha de publicación, distribución, etc. [1978]
300 ## - DESCRIPCIÓN FÍSICA
Extensión 377 p. ;
Dimensiones 22 cm.
700 1# - ENTRADA AGREGADA--NOMBRE PERSONAL
Nombre de persona Vélez, Juan José.
9 (RLIN) 113825
700 1# - ENTRADA AGREGADA--NOMBRE PERSONAL
Nombre de persona Nieto, Teodoro.
9 (RLIN) 85667
852 ## - LOCALIZACIÓN
Ubicación ES-MaACL
Número de control de estantería A-9049
Sublocalización o colección R.97899
Holdings
Estatus retirado Estado de pérdida Estado de daño No para préstamo Biblioteca de origen Biblioteca actual Ubicación en estantería Fecha de adquisición Fuente de adquisición Total de préstamos Signatura topográfica completa Código de barras Visto por última vez Precio de reemplazo Tipo de ítem Koha
        Biblioteca del Ateneo de Madrid Biblioteca del Ateneo de Madrid Depósito 1 17/01/2008     A-9049 1076115 23/02/2023 23/02/2023 Libro impreso